000 00476nam a22001817a 4500
005 20260604130632.0
008 260604b |||||||| |||| 00| 0 eng d
020 _a9788183560122
_c2000.00
040 _aMAIN
041 _aEnglish
082 _a547.139
_bTYA
100 _aTyagi, Rajpal
_927019
245 _aOrganic Reactions
_b: Mechanism with Problems
260 _aNew Delhi
_bDiscovery
_c2026
300 _a198
650 _aChemistry (PM USHA)
_926803
942 _cBK
999 _c61011
_d61011